Loading...
| History - European History | 0 | 8 | 0 | 0 | 80 | 100 | 117.88 | 0 | 0 |
| History - Other History | 0 | 5 | 0 | 0 | 50 | 97 | 111.60 | 1 | 1 |
| Fine Arts - Painting & Sculpture | 0 | 4 | 0 | 0 | 40 | 109 | 129.00 | 0 | 0 |
| Social Science | 0 | 3 | 0 | 1 | 30 | 111 | 115.67 | 0 | 0 |
| Fine Arts - Classical Music | 0 | 3 | 0 | 1 | 30 | 132 | 142.67 | 0 | 0 |
| Literature - British Literature | 0 | 3 | 0 | 1 | 30 | 122 | 141.00 | 0 | 0 |
| Literature - European Literature | 0 | 3 | 0 | 0 | 30 | 96 | 129.67 | 0 | 1 |
| Other Academic | 0 | 3 | 0 | 0 | 30 | 121 | 127.67 | 0 | 0 |
| Fine Arts - Other Fine Arts | 0 | 2 | 0 | 0 | 20 | 123 | 127.50 | 0 | 0 |
| Current Events | 0 | 2 | 0 | 0 | 20 | 120 | 123.00 | 0 | 0 |
| History - American History | 0 | 2 | 0 | 0 | 20 | 116 | 122.50 | 0 | 0 |
| Geography | 0 | 2 | 1 | 0 | 15 | 108 | 114.00 | 0 | 0 |
| Religion | 0 | 2 | 1 | 0 | 15 | 50 | 86.00 | 0 | 0 |
| Philosophy | 0 | 1 | 0 | 0 | 10 | 132 | 132.00 | 0 | 0 |
| Science - Physics | 0 | 1 | 0 | 1 | 10 | 133 | 133.00 | 0 | 0 |
| Mythology | 0 | 1 | 0 | 1 | 10 | 132 | 132.00 | 0 | 0 |
| Science - Chemistry | 0 | 1 | 0 | 0 | 10 | 135 | 135.00 | 0 | 0 |
| Literature - American Literature | 0 | 1 | 1 | 0 | 5 | 158 | 158.00 | 0 | 0 |
| History - World History | 0 | 1 | 2 | 0 | 0 | 127 | 127.00 | 0 | 0 |
| Science - Other Science | 0 | 0 | 1 | 0 | -5 | 0.00 | 0 | 0 | |
| Literature - World Literature | 0 | 0 | 1 | 0 | -5 | 0.00 | 0 | 0 |